000 00651nam a2200217 a 4500
001 42291
003 BD-RjUL
005 20211209053523.0
008 160611s19651952enk 001 0 eng
035 _a(BD-RjUL) 42409
040 _aDLC
_cORL
_dOCL
_dm.c
_dBD-RjUL
_beng
041 _aeng
082 _223
_a328.42
_bPAR 1965
245 0 0 _aParliament :
_ba survey /
_cLord Campion ... [et al.] ; [edited by Lord Campion]
260 _aLondon :
_bAllen & Unwin,
_c1952 [Impression 1965]
300 _a296 p. ;
_c22 cm
500 _aIncludes index
610 1 0 _aGreat Britain.
_bParliament.
_9130066
700 _aCampion, Lord
_9130061
942 _2ddc
_cBK
999 _c42291
_d42291